000
00292nam a22001337a 4500
008
170608b xxu||||| |||| 00| 0 eng d
020
_a
0673078494
041
_a
eng
080
_a
327
100
_a
18
101
_a
SHP
245
_a
THE DEMOCRATIC EXPERIENCE
_c
DEGLER,C.N
942
_2
udc
_c
BK
999
_c
16521
_d
16521